000 00966cab a2200253 4500
001 ABS55635
008 090401t1996 xxu||||| |||| 00| 0 eng d
035 _a(Sirsi) u17683
041 _aeng
100 _aTindall, R.
245 4 _aThe preparation of a heritage landscape management plan
260 _c1996
350 _a0
490 _aChristie`s Bulletin
_v2(2) Summer 1996, 2-8(7)
520 _aGives a background to how the current inheritance tax regime has developed, and looks at conditional exemption from capital taxes of land with `outstanding scenic quality`. Details steps to take in making a claim for exemption and the preparation of a heritage landscape management plan.
650 _aAREAS OF OUTSTANDING NATURAL BEAUTY
650 _aHERITAGE LANDSCAPE MANAGEMENT PLANS
650 _aINHERITANCE TAX ACT 1984 S31
650 _aINHERITANCE TAX
650 _aTAX EXEMPTION
690 _aTAXATION
942 _n0
948 _c04/03/1997
999 _c11726
_d11726